LEADER 01199nam a2200229 i 4500 001 000000154188 003 CaOOAMICUS 005 20061011000000.0 008 061011s1931 it u000 u fre u 013 $a131534 040 $aSeMil$bita 100 1 $aMâle, Emile.$0(OLS)http://semarc/name/36447 245 12$aL'art religieux du 13. siècle en France :$bétude sur l'iconographie du moyen age et sur ses sources d'inspiration /$cEmile Mâle de l'Academie française et de l'Académie des Inscriptions et Belles-Lettres. 250 $aseptième édition. 260 $aParis :$bArmand Colin,$c1931. 300 $aix, 421 p. :$bill. ;$c29 cm. 500 $aIn mezzo al front : ouvrage couronné par l'Académie des Inscriptions et Belles-Lettres et par l'Académie française. 650 4$aFrancia - Arte religiosa.$0(OLS)http://semarc/subject/30178 850 $aSeMil 852 $aSeMil$W1$xVenegono$y1$m5N IX 3$j106051$B106051$CSeMilBibl$Z2$F115263 $8I 996 $6245$aL'art religieux du 13. siècle en France :$bétude sur l'iconographie du moyen age et sur ses sources d'inspiration$9(OLS)http://semarc/title/225637 996 $6260$aParis :$bArmand Colin$9(OLS)http://semarc/publisher/34808 LEADER 01318nam a2200253 i 4500 001 000000174815 003 CaOOAMICUS 005 20090114000000.0 008 090114s1998 it u000 u ita u 013 $a152291 020 $a88-435-6670-9 040 $aSeMil$bita 100 1 $aCaroli, Flavio.$0(OLS)http://semarc/name/42253 245 12$aL'anima e il volto :$britratto e fisiognomica da Leonardo a Bacon /$cFlavio Caroli. 260 $aMilano :$bElecta,$ccopyr. 1998. 300 $a687 p. :$briccamente ill. ;$c29 cm. 500 $aContiene : Bibliografia. - Catalogo della Mostra tenuta a Milano, Palazzo Reale, 30 ottobre 1998-14 marzo 1999. - In testa al front. : Comune di Milano, Settore Cultura e Musei ; Palazzo Reale ; Regione Lombardia, Assessorato alla Cultura. - Dono di don Romano Martinelli. 650 4$aRitratti - Sec. 16.-20. - Esposizioni - 1998-1999.$0(OLS)http://semarc/subject/33327 850 $aSeMil 852 $aSeMil$W1$xVenegono$y1$m5S XVI 1$j125643$B125643$CSeMilBibl$Z2$F138466 $81 961 $aOmaggio: Martinelli don Romano 996 $6020$a88-435-6670-9$9(OLS)http://semarc/number/162827 996 $6245$aL'anima e il volto :$britratto e fisiognomica da Leonardo a Bacon$9(OLS)http://semarc/title/250619 996 $6260$aMilano :$bElecta$9(OLS)http://semarc/publisher/29711